[Event "Druzynowe Mistrzostwa Polski Juniorow 2019 - II Liga"]
[Site "Szczyrk"]
[Date "1899-12-30"]
[Round "1.1"]
[White "Zabron, Maksym"]
[Black "Pniaczek, Marek"]
[Result "1/2-1/2"]
[WhiteTitle "I+"]
[BlackTitle "CM"]
[WhiteElo "1739"]
[BlackElo "2276"]

1. d4 Nf6 2. c4 g6 3. Nc3 d5 4. Bf4 Bg7 5. e3 O-O 6. cxd5 Nxd5 7. Nxd5 Qxd5 8.
Bxc7 Na6 9. Bxa6 Qxg2 10. Qf3 Qxf3 11. Nxf3 bxa6 12. O-O f6 13. Rac1 Bb7 14. Nd2
Rac8 15. Rc5 e6 16. Rfc1 Rf7 17. Bd6 Rd8 18. Rc7 Rxd6 19. Rxf7 Kxf7 20. Rc7+ Kg8
21. Rxb7 Rb6 22. Rxa7 Rxb2 23. Ne4 Rxa2 24. Nc5 e5 25. Ra8+ Kf7 26. Ra7+ Kg8 27.
Ne6 Bh6 28. d5 Rd2 29. Ra8+ Kf7 30. e4 f5 31. Ra7+ Kf6 32. Rxh7 Rd1+ 33. Kg2 Bc1
34. f3 Be3 35. Rh8 a5 36. Ra8 Rd2+ 37. Kh1 Rf2 38. Rxa5 Rxf3 39. Ra6 Ke7 40. exf5
gxf5 41. Ng7 e4 42. Re6+ Kf7 43. Ne8 Bc5 44. Nf6 e3 45. Nd7 Bd4 46. Ne5+ Bxe5
47. Rxe5 Kf6 48. Re8 f4 49. d6 Rf1+ 50. Kg2 Rf2+ 51. Kh3 Rd2 52. Kg4 Rd4 53. Kf3
Rxd6 54. Kxf4 Rd4+ 55. Kxe3 1/2-1/2

[Event "Druzynowe Mistrzostwa Polski Juniorow 2019 - II Liga"]
[Site "Szczyrk"]
[Date "1899-12-30"]
[Round "1.2"]
[White "Musial, Tomasz"]
[Black "Kozubek, Krystian"]
[Result "1-0"]
[WhiteTitle "k"]
[BlackTitle "II+"]
[WhiteElo "1856"]
[BlackElo "1443"]

1. d4 d5 2. c4 e6 3. Nf3 Nf6 4. g3 dxc4 5. Bg2 a6 6. O-O Nbd7 7. Qc2 Be7 8. Qxc4
b5 9. Qc6 Rb8 10. Bf4 Nd5 11. Ne5 Nxf4 12. gxf4 Bb7 13. Qc2 Bxg2 14. Kxg2 Nxe5
15. dxe5 Qd5+ 16. e4 Qc5 17. Rc1 Qxc2 18. Rxc2 Kd7 19. Nd2 Rhc8 20. Rd1 Ke8 21.
Rc6 Ra8 22. Nb3 Ra7 23. f5 exf5 24. exf5 Rd8 25. Rdc1 Rd5 26. f4 Kd7 27. Kf3 Kc8
28. Ke4 Rd7 29. Rg1 Bf8 30. f6 gxf6 31. Rg8 Rd8 32. Rxf6 c5 33. Rh8 h6 34. Na5
Rc7 35. Rxa6 Kd7 36. Rh7 Ke8 37. Nc6 Rdc8 38. Na7 Rb8 39. Re6+ Be7 40. Rh8+ Kd7
41. Rxb8 fxe6 42. Nxb5 Rc6 43. a4 1-0

[Event "Druzynowe Mistrzostwa Polski Juniorow 2019 - II Liga"]
[Site "Szczyrk"]
[Date "1899-12-30"]
[Round "1.3"]
[White "Gradalski, Olaf"]
[Black "Wilk, Igor"]
[Result "0-1"]
[WhiteTitle "II"]
[BlackTitle "I"]
[WhiteElo "1442"]
[BlackElo "1689"]

1. e4 c6 2. d4 d5 3. Nc3 dxe4 4. Nxe4 Bf5 5. Ng3 Bg6 6. Nh3 Nf6 7. Nf4 e5 8. Nxg6
hxg6 9. Be3 Nbd7 10. Be2 Bd6 11. c4 Qa5+ 12. Bd2 Bb4 13. dxe5 Nxe5 14. Bxb4 Qxb4+
15. Qd2 Qxd2+ 16. Kxd2 O-O-O 17. Kc2 Rd4 18. b3 Neg4 19. Bxg4+ Nxg4 20. h3 Ne5
21. Rad1 Rhd8 22. Rxd4 Rxd4 23. Rd1 Rxd1 24. Kxd1 Nd3 25. Ne4 Kd7 26. g3 f5 27.
Ng5 a5 28. Kd2 Nc5 29. Ke3 Ke7 30. Kd4 b6 31. h4 Nd7 32. Nf3 Kd6 33. Ng5 c5+ 34.
Ke3 Ne5 35. f3 a4 36. Kd2 axb3 37. axb3 Nc6 38. Kc3 Nd4 39. g4 Ke5 40. b4 fxg4
41. fxg4 Kf4 42. bxc5 bxc5 43. Nf7 Kxg4 44. Ne5+ Kxh4 45. Nxg6+ Kg5 46. Ne5 Kf5
47. Nd7 Ne6 48. Kd3 Kf4 49. Nb6 Kf3 50. Nd7 Kf4 51. Nb6 g5 52. Nd5+ Kf3 53. Nf6
g4 54. Nxg4 Kxg4 55. Ke4 Nd4 56. Kd5 Nb3 57. Ke4 Kg3 0-1

[Event "Druzynowe Mistrzostwa Polski Juniorow 2019 - II Liga"]
[Site "Szczyrk"]
[Date "1899-12-30"]
[Round "1.4"]
[White "Bartoszczuk, Adam"]
[Black "Raba, Bartosz"]
[Result "0-1"]
[WhiteTitle "II+"]
[BlackTitle "II"]
[WhiteElo "1293"]
[BlackElo "1373"]

1. e4 e5 2. Nf3 Nc6 3. Bc4 Nf6 4. d3 Be7 5. O-O O-O 6. c3 d6 7. Re1 Na5 8. Bb5
a6 9. Ba4 c5 10. Bc2 Nc6 11. Nbd2 Re8 12. Nf1 b5 13. Ne3 d5 14. exd5 Nxd5 15.
Bb3 Nf4 16. Bc2 Bf6 17. a4 Be6 18. axb5 axb5 19. Rxa8 Qxa8 20. Nf1 Nd5 21. Ng3
g6 22. Ne4 Bg7 23. Nxc5 b4 24. c4 Nc7 25. Be3 Rd8 26. Qb1 Bc8 27. Qc1 Ne6 28.
Nxe6 Bxe6 29. b3 Qa5 30. Bh6 Bh8 31. Ng5 Nd4 32. Nxe6 Nxe6 33. Be3 Ra8 34. f3
f5 35. Kf1 Qa3 36. Qb1 Rd8 37. Bc1 Qa6 38. Bb2 Nd4 39. Bxd4 Rxd4 40. Qa1 Rd6 41.
Qxa6 Rxa6 42. Rc1 Bf6 43. Bd1 Bg5 44. Rc2 Ra3 45. c5 Ra7 46. c6 Rc7 47. Rc4 Be7
48. Ke2 Kf7 49. g3 Ke6 50. f4 exf4 51. gxf4 Kd6 52. Rxb4 Rxc6 53. Rc4 Ra6 54.
b4 Ra2+ 55. Bc2 Rb2 56. Kd2 Kd5 57. Kc3 Bf6+ 58. d4 Rxc2+ 59. Kxc2 Kxc4 60. d5
Kxd5 61. b5 Kc5 62. b6 Kxb6 63. h3 Bh4 64. Kd3 Kc5 65. Ke3 Bg3 66. Kf3 Bh2 67.
h4 h5 68. Ke3 Bg3 69. Kf3 Bxh4 70. Kg2 Kd4 71. Kh1 Ke4 72. Kh2 Kxf4 73. Kh1 Bg3
74. Kg2 h4 75. Kg1 Kg4 0-1

[Event "Druzynowe Mistrzostwa Polski Juniorow 2019 - II Liga"]
[Site "Szczyrk"]
[Date "1899-12-30"]
[Round "1.5"]
[White "Gredka, Dominika"]
[Black "Pyzio, Amelia"]
[Result "0-1"]
[WhiteTitle "I++"]
[BlackTitle "I++"]
[WhiteElo "1658"]
[BlackElo "1616"]

1. e4 e5 2. Nf3 Nc6 3. Bb5 a6 4. Ba4 Nf6 5. O-O Be7 6. Re1 b5 7. Bb3 d6 8. c3 O-O
9. h3 Nb8 10. d4 Nbd7 11. Nbd2 Bb7 12. Bc2 c5 13. d5 c4 14. Nf1 g6 15. Bh6 Re8
16. g4 Bf8 17. Qd2 Qb6 18. Ng3 a5 19. Be3 Nc5 20. g5 Nfd7 21. Kg2 Bg7 22. Rh1
Nf8 23. h4 Qc7 24. h5 Bc8 25. hxg6 fxg6 26. Rh4 Re7 27. Rah1 Rb8 28. Qe2 Rf7 29.
Nh2 b4 30. Bc1 Qa7 31. Rf1 Ba6 32. Be3 bxc3 33. bxc3 Rb2 34. a3 Qc7 35. Bc1 Rb8
36. Ng4 Nd3 37. Bxd3 cxd3 38. Qd2 Rb3 39. Bb2 Qb6 40. Rb1 Rb7 41. Nf6+ Bxf6 42.
gxf6 Rxb2 43. Rxb2 Qxb2 44. Qg5 d2 45. Rh1 Qc2 46. Qg4 Rf7 47. Nf5 Rxf6 48. Ne3
Qd3 49. Rd1 Bc4 50. Qg5 Qxe4+ 51. Kg1 Rf4 52. Rxd2 Rh4 0-1

[Event "Druzynowe Mistrzostwa Polski Juniorow 2019 - II Liga"]
[Site "Szczyrk"]
[Date "1899-12-30"]
[Round "1.6"]
[White "Straczek, Wiktoria"]
[Black "Wiecek, Karolina"]
[Result "1-0"]
[WhiteTitle "I"]
[BlackTitle "II+"]
[WhiteElo "1316"]
[BlackElo "1189"]

1. e4 e5 2. Nf3 Nf6 3. Bc4 Bc5 4. Nxe5 O-O 5. d3 d6 6. Nf3 d5 7. e5 Ng4 8. Bb3
Nxf2 9. Qe2 Nxh1 10. d4 Be7 11. g3 Nxg3 12. hxg3 Bg4 13. Nc3 c6 14. Bf4 Nd7 15.
O-O-O b5 16. Rh1 h6 17. Nd1 Bg5 18. Ne3 Bxf3 19. Qxf3 Re8 20. c3 Nf8 21. Nf5 Ng6
22. Bc2 Rf8 23. Rh5 Bxf4+ 24. gxf4 Re8 25. Qg4 Qc8 26. Qg3 Kf8 27. Nd6 Qd7 28.
Nxe8 Rxe8 29. Bxg6 fxg6 30. Qxg6 Qf7 31. Rf5 1-0

[Event "Druzynowe Mistrzostwa Polski Juniorow 2019 - II Liga"]
[Site "Szczyrk"]
[Date "1899-12-30"]
[Round "1.7"]
[White "Krawczyk, Wojciech"]
[Black "Strzelecki, Maciej"]
[Result "1/2-1/2"]
[WhiteTitle "I"]
[BlackTitle "k"]
[WhiteElo "1780"]
[BlackElo "1955"]

1. d4 Nf6 2. c4 g6 3. Nc3 Bg7 4. Nf3 d6 5. e4 O-O 6. Be2 e5 7. dxe5 dxe5 8. O-O
Nbd7 9. h3 c6 10. Be3 Qc7 11. Qc2 Re8 12. Rfd1 b6 13. b4 Bb7 14. Nd2 Nf8 15. Nb3
Ne6 16. c5 b5 17. a4 a6 18. Rd2 Rad8 19. Rad1 Rxd2 20. Rxd2 Nf4 21. Bf1 Bc8 22.
axb5 axb5 23. Kh2 Ne6 24. g3 h5 25. Bg2 h4 26. Ne2 Nh5 27. Bf3 hxg3+ 28. fxg3
Nf6 29. Na5 Bf8 30. Nb3 Bg7 31. Qa2 Nd7 32. Qa5 Nb8 33. Qa3 Rd8 34. Qb2 Na6 35.
Qc3 Rxd2 36. Qxd2 Qd7 37. Na5 Nd8 38. Qxd7 Bxd7 39. Bd2 Bf6 40. Bc3 Bg7 41. Nc1
Kf8 42. h4 f6 43. Kg2 Bh6 44. Nd3 Ke7 45. Kf2 Be6 46. Ke2 Kd7 47. g4 g5 48. h5
Nf7 49. Ke3 Bf8 1/2-1/2

[Event "Druzynowe Mistrzostwa Polski Juniorow 2019 - II Liga"]
[Site "Szczyrk"]
[Date "1899-12-30"]
[Round "1.8"]
[White "Guzik, Natalia"]
[Black "Wrona, Florian"]
[Result "1-0"]
[WhiteTitle "I++"]
[BlackTitle "I"]
[WhiteElo "1638"]
[BlackElo "1567"]

1. e4 c5 2. Nf3 d6 3. d4 cxd4 4. Nxd4 Nf6 5. Nc3 g6 6. Be3 Bg7 7. f3 O-O 8. Qd2
Nc6 9. g4 h5 10. gxh5 Nxh5 11. O-O-O Nxd4 12. Bxd4 Bxd4 13. Qxd4 Be6 14. e5 dxe5
15. Qxe5 Qb8 16. Qg5 Qf4+ 17. Qxf4 Nxf4 18. Rd4 Nh5 19. Bb5 Ng7 20. Bd7 Rfd8 21.
Rhd1 a6 22. Na4 Nf5 23. R4d3 Rxd7 24. Rxd7 Bxd7 25. Rxd7 b5 26. Nb6 Rb8 27. Nd5
e6 28. Nf6+ Kg7 29. Ne4 Rh8 30. Ng5 Rxh2 31. Rxf7+ Kg8 32. Rf6 Ne3 33. Rxg6+ Kf8
34. Rxe6 Rxc2+ 35. Kb1 Re2 36. a3 a5 37. Ka2 Kg7 38. Re4 Re1 39. Ne6+ Kf6 40.
Nc7 Nc2 41. Rxe1 Nxe1 42. Nxb5 Nxf3 43. Kb3 Ne5 44. Nd4 Ke7 45. Ka4 Kd6 46. Kb5
Nd3 47. b3 Nc5 48. Nf5+ Kd5 49. Ne7+ Kd6 50. Nc8+ Kd5 51. Ne7+ Kd6 52. Nf5+ Kd5
53. Ne3+ Kd4 54. Nc2+ Kd5 55. Na1 Ne6 56. Kxa5 Nd4 57. Kb6 Kd6 58. a4 Kd7 59.
Kb7 Nc6 60. Kb6 Nd4 61. b4 Kc8 62. Kc5 Ne6+ 63. Kd5 Nf4+ 64. Kc6 Nd3 65. b5 Kb8
66. Nb3 Ka7 67. b6+ Ka8 68. a5 Nb4+ 69. Kd7 Na6 70. Nd4 Kb7 71. Ne6 Nb8+ 72. Kd6
Na6 73. Nc5+ Kc8 74. Nxa6 Kb7 75. Nc5+ Ka8 76. a6 Kb8 77. Nd7+ 1-0

[Event "Druzynowe Mistrzostwa Polski Juniorow 2019 - II Liga"]
[Site "Szczyrk"]
[Date "1899-12-30"]
[Round "1.9"]
[White "Knapik, Kamil"]
[Black "Wojtasik, Szymon"]
[Result "1-0"]
[WhiteTitle "II+"]
[BlackTitle "II"]
[WhiteElo "1583"]
[BlackElo "1511"]

1. d4 d5 2. Nf3 Nf6 3. Bf4 c5 4. c3 Qb6 5. b3 Nc6 6. e3 Bf5 7. Nbd2 e6 8. Be2 cxd4
9. cxd4 Bb4 10. a3 Bc3 11. Ra2 Ne4 12. Qc1 Qxb3 13. Rc2 Rc8 14. O-O Bxd2 15. Nxd2
Nxd2 16. Rxd2 Ne7 17. Qa1 Bc2 18. Bd6 Kd7 19. Bb4 Nc6 20. Rc1 Nxb4 21. axb4 a6
22. b5 Qa4 23. bxa6 bxa6 24. Bxa6 Ra8 25. Rdxc2 Qxa6 26. Rc7+ Kd6 27. Qa3+ Qxa3
28. R1c6# 1-0

[Event "Druzynowe Mistrzostwa Polski Juniorow 2019 - II Liga"]
[Site "Szczyrk"]
[Date "1899-12-30"]
[Round "1.10"]
[White "Chrobot, Tomasz"]
[Black "Szlosarczyk, Hubert"]
[Result "1/2-1/2"]
[WhiteTitle "III"]
[BlackTitle "I"]
[WhiteElo "1246"]
[BlackElo "1549"]

1. e4 e6 2. d4 d5 3. exd5 exd5 4. Nf3 Nf6 5. Bd3 Bd6 6. O-O O-O 7. Bg5 Bg4 8. Nbd2
c6 9. c3 Nbd7 10. Qc2 Qc7 11. Rae1 Rfe8 12. Kh1 Bh5 13. Bh4 Bg6 14. Bxg6 hxg6
15. Bg3 Bxg3 16. hxg3 Ng4 17. Kg1 Ndf6 18. Ng5 Qd7 19. Ndf3 Qd6 20. Qd3 b6 21.
b3 Rac8 22. Rc1 Ne4 23. Nh3 Re7 24. Rfe1 Rce8 25. Nd2 Nxd2 26. Qxd2 Nf6 27. Nf4
Ne4 28. Qc2 Nf6 29. Qd2 Qa3 30. Nd3 Rxe1+ 31. Rxe1 Rxe1+ 32. Nxe1 Ne4 33. Qc2
Qa5 34. Nd3 Qxc3 35. Qe2 Qxd4 36. Qg4 g5 37. Qc8+ Kh7 38. Qf5+ g6 39. Qxf7+ Qg7
40. Qe6 Qd4 41. Qd7+ Kh6 42. Qh3+ Kg7 43. Qd7+ Kh6 44. Qh3+ Kg7 45. Qd7+ Kh6 46.
Qh3+ Kg7 47. Qd7+ Kh8 1/2-1/2

[Event "Druzynowe Mistrzostwa Polski Juniorow 2019 - II Liga"]
[Site "Szczyrk"]
[Date "1899-12-30"]
[Round "1.11"]
[White "Czarnecka, Lidia"]
[Black "Matyjasek, Michalina"]
[Result "1-0"]
[WhiteTitle "I++"]
[BlackTitle "I"]
[WhiteElo "1731"]
[BlackElo "1323"]

1. e4 c5 2. Nf3 Nc6 3. d4 cxd4 4. Nxd4 g6 5. Nc3 Bg7 6. Be3 Nf6 7. Bc4 O-O 8. Bb3
Re8 9. O-O d6 10. h3 Na5 11. Qd2 b6 12. Rad1 Nxb3 13. axb3 Bb7 14. f3 a6 15. Nde2
Qc7 16. Nf4 Rac8 17. Rf2 Red8 18. g4 g5 19. Nfd5 Bxd5 20. Nxd5 Nxd5 21. exd5 h6
22. h4 f6 23. Qd3 Qd7 24. Bxb6 Rf8 25. Bd4 a5 26. Kg2 Qe8 27. Qf5 Qf7 28. Re2
Rfe8 29. Rde1 Rb8 30. Re6 Kf8 31. Bc3 Ra8 32. Qe4 Ra7 33. h5 Rea8 34. Ra1 Qe8
35. Ra4 Kg8 36. Qd3 Qf7 37. Re1 Qe8 38. Rea1 Qd8 39. b4 Qc7 40. Rxa5 Rxa5 41.
Rxa5 Rb8 42. Qe3 1-0

[Event "Druzynowe Mistrzostwa Polski Juniorow 2019 - II Liga"]
[Site "Szczyrk"]
[Date "1899-12-30"]
[Round "1.12"]
[White "Zajac, Aleksandra"]
[Black "Slusarczyk, Anna"]
[Result "0-1"]
[WhiteTitle "II"]
[BlackTitle "I"]
[WhiteElo "1136"]
[BlackElo "1328"]

1. e4 c5 2. Nc3 e6 3. g3 Nc6 4. Bg2 Nf6 5. d3 Be7 6. Nge2 a6 7. h3 O-O 8. g4 Ne8
9. Ng3 Nc7 10. O-O Bh4 11. Nce2 d5 12. f4 dxe4 13. Nxe4 Nd4 14. Kh1 Qe7 15. Nxd4
cxd4 16. g5 f5 17. Nd2 h6 18. gxh6 gxh6 19. Qh5 Kh7 20. Nf3 Bf6 21. Ne5 Qg7 22.
Rg1 Rg8 23. Bd2 Qe7 24. Bf3 Bd7 25. Rxg8 Rxg8 26. Bxb7 Qg7 27. Nxd7 Qxd7 28. Bf3
Ne8 29. Rg1 Rxg1+ 30. Kxg1 Ng7 31. Qxf5+ exf5 32. Kf2 Bh4+ 0-1

[Event "Druzynowe Mistrzostwa Polski Juniorow 2019 - II Liga"]
[Site "Szczyrk"]
[Date "1899-12-30"]
[Round "1.13"]
[White "Burzak, Wojciech"]
[Black "Kawalko, Adam"]
[Result "0-1"]
[WhiteTitle "I"]
[BlackTitle "I+"]
[WhiteElo "1705"]
[BlackElo "1920"]

1. e4 c5 2. Nf3 d6 3. d4 cxd4 4. Nxd4 Nf6 5. Nc3 a6 6. Be3 e5 7. Nb3 Be6 8. f3
Nbd7 9. Qd2 Be7 10. O-O-O b5 11. g4 b4 12. Nd5 Bxd5 13. exd5 Nb6 14. Qxb4 Nfxd5
15. Bxb6 Nxb6 16. Qa5 O-O 17. Bd3 Qc7 18. Kb1 Rfc8 19. Bf5 Nc4 20. Qxc7 Rxc7 21.
Rhe1 Bg5 22. c3 a5 23. Be4 Rb8 24. Re2 a4 25. Nc1 a3 26. b3 Nb2 27. Rxd6 Rxc3
28. Rc2 Rxc2 29. Kxc2 Rc8+ 30. Rc6 Rxc6+ 31. Bxc6 Bxc1 32. Kxc1 Nd3+ 33. Kb1 Nb4
34. Be4 h6 35. h4 g6 36. Bc2 0-1

[Event "Druzynowe Mistrzostwa Polski Juniorow 2019 - II Liga"]
[Site "Szczyrk"]
[Date "1899-12-30"]
[Round "1.14"]
[White "Dytman, Radoslaw"]
[Black "Celebias, Filip"]
[Result "1-0"]
[WhiteTitle "I"]
[BlackTitle "II"]
[WhiteElo "1745"]
[BlackElo "1380"]

1. Nf3 f5 2. g3 b6 3. Bg2 Bb7 4. d3 Nf6 5. O-O e6 6. Nbd2 Be7 7. c3 O-O 8. Qc2
Qe8 9. e4 fxe4 10. dxe4 c5 11. b4 cxb4 12. e5 Nd5 13. c4 Nc7 14. Ng5 Bxg5 15.
Bxb7 Nc6 16. Bxa8 Qxa8 17. f4 Be7 18. Ne4 Nd4 19. Qd3 Nf5 20. Be3 Na6 21. Bf2
Qc6 22. Rad1 Nb8 23. Rd2 Rc8 24. Rc1 Rc7 25. g4 Nh6 26. h3 Na6 27. c5 bxc5 28.
Rdc2 Qb6 29. Rc4 Kf8 30. Ng5 Bxg5 31. fxg5 Nf7 32. Qxh7 d5 33. Rf4 1-0

[Event "Druzynowe Mistrzostwa Polski Juniorow 2019 - II Liga"]
[Site "Szczyrk"]
[Date "1899-12-30"]
[Round "1.15"]
[White "Grodzicki, Piotr"]
[Black "Madajczak, Piotr"]
[Result "0-1"]
[WhiteTitle "II"]
[BlackTitle "I"]
[WhiteElo "1204"]
[BlackElo "1645"]

1. b3 e5 2. Bb2 Nc6 3. e3 d5 4. Bb5 Bd6 5. f4 Qh4+ 6. g3 Qe7 7. Nf3 Bg4 8. fxe5
Bxe5 9. Bxe5 Bxf3 10. Qxf3 Qxe5 11. Nc3 Nf6 12. O-O O-O 13. Bxc6 bxc6 14. Qf4
Rfe8 15. Rfe1 Re7 16. Re2 Ne4 17. Qxe5 Rxe5 18. Nxe4 Rxe4 19. Kf2 Rae8 20. Rae1
f5 21. c3 Kf7 22. Kg2 g6 23. Kf1 R8e7 24. Kf2 Ke8 25. Rf1 Kd7 26. Rc1 Kd6 27.
Rce1 Re8 28. Kf1 a5 29. Rb1 Rb8 30. Ree1 c5 31. Kf2 Rb6 32. Ke2 a4 33. Kd1 axb3
34. axb3 d4 35. exd4 Rxe1+ 36. Kxe1 cxd4 37. Ke2 dxc3 38. dxc3 Kc5 39. Kd3 Rd6+
40. Kc2 Ra6 41. Rb2 Ra1 42. Kd2 Kd5 43. Kd3 Rd1+ 44. Ke2 Rc1 45. Kd2 Rf1 46. Ke2
Ra1 47. Kd3 c5 48. Ke3 Ra3 49. Kd3 h6 50. Rd2 Rxb3 0-1

[Event "Druzynowe Mistrzostwa Polski Juniorow 2019 - II Liga"]
[Site "Szczyrk"]
[Date "1899-12-30"]
[Round "1.16"]
[White "Grot, Blazej"]
[Black "Nowak, Oskar"]
[Result "1-0"]
[WhiteTitle "CM"]
[BlackTitle "II"]
[WhiteElo "1611"]
[BlackElo "1088"]

1. e4 e5 2. Nf3 Nc6 3. Bb5 d6 4. d4 Bd7 5. dxe5 Nxe5 6. Bxd7+ Nxd7 7. O-O Ngf6
8. Nc3 Be7 9. Bf4 O-O 10. Re1 Re8 11. Nd2 h6 12. Nf1 Bf8 13. Ng3 Rc8 14. Nf5 Nc5
15. Qf3 Ne6 16. Rad1 Nxf4 17. Qxf4 Kh7 18. e5 Ng8 19. exd6 Rxe1+ 20. Rxe1 g6 21.
Nh4 Qf6 22. d7 Rd8 23. Qxc7 Qxh4 24. g3 Qf6 25. Nd5 Qg5 26. h4 Qd2 27. Rf1 Qxd5
28. Qxd8 Be7 29. Qe8 Qd2 30. Qxf7+ Kh8 31. Qe6 Kg7 32. c4 h5 33. Re1 b6 34. Qxg8+
Kxg8 35. Rxe7 Qc1+ 36. Kg2 Qd1 37. Re8+ Kf7 38. d8=Q Qxd8 39. Rxd8 a6 40. Rd6
b5 41. c5 a5 42. c6 b4 43. c7 b3 44. c8=Q bxa2 45. Qc7+ 1-0

[Event "Druzynowe Mistrzostwa Polski Juniorow 2019 - II Liga"]
[Site "Szczyrk"]
[Date "1899-12-30"]
[Round "1.17"]
[White "Mytnik, Kinga"]
[Black "Krzyzosiak, Marta"]
[Result "1/2-1/2"]
[WhiteTitle "I"]
[BlackTitle "I++"]
[WhiteElo "1604"]
[BlackElo "1631"]

1. e4 c5 2. Nc3 a6 3. a4 e6 4. d3 Nc6 5. f4 Nf6 6. Nf3 d5 7. e5 Nd7 8. g3 Be7 9.
Bh3 Rb8 10. Qe2 Qc7 11. Nd1 b5 12. c3 d4 13. Bd2 Nb6 14. axb5 axb5 15. Bg2 O-O
16. O-O Qd7 17. Ne1 f6 18. Nf3 Rd8 19. Ne1 Bb7 20. Bh3 Bc8 21. Bg2 Bb7 22. Bh3
Bc8 23. Bg2 Bb7 24. Bh3 Bc8 25. Bg2 Bb7 26. Bh3 Bc8 27. Bg2 Bb7 28. Bh3 1/2-1/2

[Event "Druzynowe Mistrzostwa Polski Juniorow 2019 - II Liga"]
[Site "Szczyrk"]
[Date "1899-12-30"]
[Round "1.18"]
[White "Krzyzosiak, Anna"]
[Black "Szewczuk, Aleksandra"]
[Result "1-0"]
[WhiteTitle "I++"]
[BlackTitle "I"]
[WhiteElo "1546"]
[BlackElo "1218"]

1. e4 c6 2. d4 d5 3. Nc3 dxe4 4. Nxe4 Bf5 5. Ng3 Bg6 6. h4 h6 7. Nf3 Nd7 8. h5
Bh7 9. Bd3 Bxd3 10. Qxd3 e6 11. Bf4 Qa5+ 12. Bd2 Bb4 13. c3 Be7 14. c4 Qa6 15.
b4 Ngf6 16. O-O O-O 17. a4 Rfd8 18. b5 cxb5 19. axb5 Qd6 20. Ne4 Qc7 21. Nxf6+
Bxf6 22. Rfc1 Nc5 23. Qe3 Qd7 24. Bb4 b6 25. dxc5 Bxa1 26. Rxa1 Qc7 27. Ne5 Rdc8
28. Nc6 bxc5 29. Bxc5 a5 30. Ne7+ Kh8 31. Nxc8 Rxc8 32. Bd4 Qxc4 33. Qxh6+ Kg8
34. Qxg7# 1-0

[Event "Druzynowe Mistrzostwa Polski Juniorow 2019 - II Liga"]
[Site "Szczyrk"]
[Date "1899-12-30"]
[Round "1.19"]
[White "Rudzinska, Michalina"]
[Black "Radecki, Adam"]
[Result "1-0"]
[WhiteTitle "WFM"]
[BlackTitle "I"]
[WhiteElo "2143"]
[BlackElo "1803"]

1. e4 c5 2. Nf3 d6 3. d4 cxd4 4. Nxd4 Nf6 5. Nc3 g6 6. Be3 Bg7 7. Bc4 O-O 8. f3
Nc6 9. Qd2 Bd7 10. O-O-O Rb8 11. Bb3 Na5 12. Bh6 b5 13. Bxg7 Kxg7 14. Nd5 Nxb3+
15. Nxb3 Nxd5 16. exd5 Rc8 17. g4 Rc4 18. h4 e5 19. dxe6 Bxe6 20. h5 Qf6 21. hxg6
Qxg6 22. Nd4 Rfc8 23. Kb1 Kg8 24. Rh6 Qg7 25. Rh5 R4c5 26. Nxe6 fxe6 27. Qxd6
Rxc2 28. Qd8+ 1-0

[Event "Druzynowe Mistrzostwa Polski Juniorow 2019 - II Liga"]
[Site "Szczyrk"]
[Date "1899-12-30"]
[Round "1.20"]
[White "Distel, Pawel"]
[Black "Wierzbicki, Michal"]
[Result "0-1"]
[WhiteTitle "I"]
[BlackTitle "I+"]
[WhiteElo "1675"]
[BlackElo "2007"]

1. e4 e6 2. d4 d5 3. Nc3 Nf6 4. Bg5 Be7 5. e5 Nfd7 6. h4 h6 7. Bxe7 Qxe7 8. f4
a6 9. Qg4 f5 10. Qg6+ Kd8 11. h5 c5 12. Nf3 Nc6 13. O-O-O c4 14. Rd2 Nf8 15. Qg3
b5 16. Qh4 Bd7 17. Nd1 Kc7 18. Qxe7 Nxe7 19. c3 a5 20. Ne3 b4 21. Nh4 Ba4 22.
Be2 Rb8 23. Rf1 Nd7 24. Bd1 Nb6 25. Bxa4 Nxa4 26. Nd1 Rhg8 27. Ng6 Nxg6 28. hxg6
Rh8 29. Rf3 Kd7 30. Rdf2 Rb7 31. Rc2 Rhb8 32. Rff2 Nb6 33. Rce2 Rh8 34. Rf3 Na4
35. Rc2 Rc8 36. Rg3 b3 37. axb3 cxb3 38. Re2 Nb6 39. Rd3 a4 40. Ne3 Nc4 41. Nxc4
dxc4 42. Rd1 Kc6 43. Kd2 a3 44. bxa3 Ra8 45. Ra1 Rba7 46. Kc1 Rxa3 47. Rxa3 Rxa3
48. Rb2 Kd5 0-1

[Event "Druzynowe Mistrzostwa Polski Juniorow 2019 - II Liga"]
[Site "Szczyrk"]
[Date "1899-12-30"]
[Round "1.21"]
[White "Czarniecki, Pawel"]
[Black "Kubik, Rafal"]
[Result "1-0"]
[WhiteTitle "II"]
[BlackTitle "II+"]
[WhiteElo "1508"]
[BlackElo "1473"]

1. d4 d5 2. Nf3 Nf6 3. Bf4 c5 4. e3 Nc6 5. Nbd2 Bf5 6. Be2 e6 7. O-O Be7 8. c4
O-O 9. Nb3 Na5 10. Nxa5 Qxa5 11. Ne5 Rfd8 12. Qb3 cxd4 13. Qxb7 d3 14. Bxd3 Bxd3
15. Nxd3 Re8 16. cxd5 Nxd5 17. Bg3 Bf6 18. Rfd1 Rac8 19. Ne5 Rc7 20. Qb3 Nc3 21.
Nc4 Rxc4 22. Qxc4 Nxd1 23. Rxd1 Bxb2 24. Bc7 Qc3 25. Qb5 Rf8 26. Ba5 Qe5 27. Qa4
g6 28. g3 Rc8 29. Qd7 Rc5 30. Bb4 Rd5 31. Rxd5 exd5 32. Qd8+ Kg7 33. Bf8+ 1-0

[Event "Druzynowe Mistrzostwa Polski Juniorow 2019 - II Liga"]
[Site "Szczyrk"]
[Date "1899-12-30"]
[Round "1.22"]
[White "Karwot, Marek"]
[Black "Pieczulis, Blazej"]
[Result "0-1"]
[WhiteTitle "II"]
[BlackTitle "I"]
[WhiteElo "1107"]
[BlackElo "1480"]

1. e4 e6 2. d4 d5 3. exd5 exd5 4. Bd3 Bd6 5. Nf3 f6 6. O-O Ne7 7. c4 c6 8. c5 Bc7
9. h3 Nd7 10. Bd2 O-O 11. Nc3 f5 12. Qc1 Nf6 13. Bf4 Ng6 14. Bxc7 Qxc7 15. Re1
Ne4 16. b4 Bd7 17. Nd1 Rae8 18. Nb2 Qd8 19. Bc2 Qf6 20. Nd3 f4 21. Nde5 Bf5 22.
Bb3 Nxe5 23. Nxe5 Qh4 24. Qb2 Kh8 25. Qe2 Re6 26. Qf3 g5 27. Ng4 h5 28. Nh2 Rh6
29. g3 Qxh3 30. Qg2 fxg3 31. fxg3 Qxg3 32. Qxg3 Nxg3 33. Kg2 h4 34. Bd1 Rhf6 35.
Bg4 Be4+ 36. Kg1 Rf2 37. Bh3 Ne2+ 38. Rxe2 Rxe2 39. Bf1 Re3 40. Bg2 Rg3 41. Nf1
Rxg2+ 42. Kh1 Rff2 43. Ng3 Rxg3# 0-1

[Event "Druzynowe Mistrzostwa Polski Juniorow 2019 - II Liga"]
[Site "Szczyrk"]
[Date "1899-12-30"]
[Round "1.24"]
[White "Czerwinska, Oliwia"]
[Black "Walendykiewicz, Martyna"]
[Result "1-0"]
[WhiteTitle "I"]
[BlackTitle "I"]
[WhiteElo "1345"]
[BlackElo "1221"]

1. e4 e5 2. Nf3 Nf6 3. Nxe5 d6 4. Nf3 Nxe4 5. Nc3 Nxc3 6. dxc3 Bg4 7. Be3 Be7 8.
Be2 a6 9. Qd2 Nc6 10. h3 Bh5 11. Nd4 Bxe2 12. Qxe2 Nxd4 13. Bxd4 O-O 14. Qg4 Bf6
15. O-O Bxd4 16. cxd4 Re8 17. Rfe1 c6 18. Rxe8+ Qxe8 19. Kf1 c5 20. dxc5 Qb5+
21. Qe2 Qxe2+ 22. Kxe2 Re8+ 23. Kd2 dxc5 24. Re1 Rd8+ 25. Kc3 Kf8 26. a3 Rd6 27.
b4 cxb4+ 28. axb4 Rg6 29. g3 Rh6 30. h4 Rf6 31. Re2 Rc6+ 32. Kb3 b5 33. c3 Rd6
34. c4 Rd3+ 35. Kc2 bxc4 36. Re3 Rd6 37. Kc3 Rf6 38. f3 Rg6 39. f4 Rc6 40. Re4
Rg6 41. Re3 Rc6 42. f5 h5 43. Re5 g6 44. fxg6 fxg6 45. Re4 Rf6 46. Rf4 Rf5 47.
Rxf5+ gxf5 48. Kxc4 Ke7 49. Kc5 Kd7 50. Kb6 Kc8 51. Kxa6 Kb8 52. b5 Ka8 53. b6
Kb8 54. b7 1-0

[Event "Druzynowe Mistrzostwa Polski Juniorow 2019 - II Liga"]
[Site "Szczyrk"]
[Date "1899-12-30"]
[Round "1.25"]
[White "Wnek, Filip"]
[Black "Trybus, Daniel"]
[Result "1-0"]
[WhiteTitle "I++"]
[BlackTitle "I++"]
[WhiteElo "1749"]
[BlackElo "1957"]

1. e4 c6 2. d4 d5 3. exd5 cxd5 4. Bd3 Nc6 5. c3 Nf6 6. h3 g6 7. Nf3 Qc7 8. O-O
Bf5 9. Re1 Bxd3 10. Qxd3 Bg7 11. Nbd2 O-O 12. Ne5 Na5 13. Ndf3 Rac8 14. Bf4 Qb6
15. Rab1 Rfd8 16. Ng4 Nxg4 17. hxg4 e6 18. Ng5 Nc4 19. b3 Nd6 20. Qf3 Rd7 21.
Qh3 h6 22. Nxe6 fxe6 23. Rxe6 g5 24. Be5 Qd8 25. Rg6 Qf8 26. Qxh6 Rc6 27. f3 Rxc3
28. Bxg7 Rxg7 29. Rxd6 Qe7 30. Re6 Rc6 31. Rxe7 Rxh6 32. Rxg7+ Kxg7 33. Rc1 Ra6
34. a4 Rb6 35. Rc3 Rb4 36. Rd3 Kf6 37. Kf2 b5 38. a5 Ke6 39. Ke3 Kd6 40. Rc3 Ke6
41. g3 Kf6 42. f4 Kg6 43. Rd3 Kf6 44. a6 Kg6 45. fxg5 Kxg5 46. Kf3 1-0

[Event "Druzynowe Mistrzostwa Polski Juniorow 2019 - II Liga"]
[Site "Szczyrk"]
[Date "1899-12-30"]
[Round "1.26"]
[White "Lendzion, Kamil"]
[Black "Budkiewicz, Magdalena"]
[Result "1-0"]
[WhiteTitle "I"]
[BlackTitle "I++"]
[WhiteElo "1795"]
[BlackElo "1623"]

1. e4 c5 2. Nf3 e6 3. d4 cxd4 4. Nxd4 a6 5. Bd3 Bc5 6. Nb3 Be7 7. Nc3 d6 8. Be3
Nf6 9. f4 Qc7 10. Qe2 b5 11. a3 Bb7 12. O-O-O Nc6 13. g4 b4 14. axb4 Nxb4 15.
g5 Nd7 16. Rhf1 Rc8 17. Kb1 Nb6 18. f5 e5 19. Qg4 Nc4 20. Bxc4 Qxc4 21. g6 f6
22. gxh7 Qf7 23. Qg6 Qxg6 24. fxg6 Nxc2 25. Bd2 Nb4 26. h4 Rc4 27. Rde1 Nd3 28.
Re3 Nf4 29. Na5 Rd4 30. Kc2 Ba8 31. h5 Nxh5 32. Rh3 Nf4 33. Bxf4 exf4 34. Rxf4
d5 35. Rd3 Rxd3 36. Kxd3 Bd6 37. Rxf6 dxe4+ 38. Nxe4 Bb4 39. Rxa6 1-0